000 01037nam a2200217Ia 4500
999 _c37961
_d37961
001 3943
003 GE_BSU
005 20190916105914.0
008 181216s1986||||ge |||||||||||||| ||geo||
040 _cGE_BSU
041 _ageo
080 _a338.43(479.223) თ–87
100 _aთურმანიძე, ოთარ
_93946
245 _aაჭარის ასსრ სოციალურ–პოლიტიკური განვითარება ომის შემდგომ პერიოდში (1946–1965 წწ) /
_cრედ. მ. ჩავლეიშვილი
264 _aბათუმი :
_bსაბჭოთა აჭარა,
_c1986
300 _a187 გვ. 21 სმ.
653 _aსოციალური განვითარება აჭარაში
653 _aპოლიტიკური განვითარება აჭარაში
700 _aჩავლეიშვილი, მ.
_eრედაქტორი
_94002
942 _cBK
_2udc